000 00717nas a2200229 4500
001 BR8805168
003 BR-BrBNA
005 20231205091258.0
007 ta
008 230509b bl.|||p| |||| 00| 00por d
040 _aBR-BrBNA
_bpor
_cBiblioteca Nacional de Agricultura
041 _a(Pt)
072 _aE13
110 1 _aInstituto Brasileiro de Economia, Rio de Janeiro, RJ (Brasil). Centro de Estudos Agricolas
_95761
245 1 _aFinanciamento da safra 1987/88
650 _aPRODUTO AGRICOLA
650 _aSAFRA
650 _aFINANCIAMENTO
773 0 _tAgroanalysis (Brazil)
_xISSN 0100-4298
_g(Sep 1987), v. 11(9) p. 2-11
_wBR8805168
909 _a202311
_bLúcia
_c55
_dLúcia Elande
942 _2AGRIS
_n0
_cANA
999 _c124078
_d124078